| 000 | 01087nam a2200289 a 4500 | ||
|---|---|---|---|
| 001 | 000043547 | ||
| 005 | 20251117093451.0 | ||
| 008 | 140325s2013 dr 000 0 spa d | ||
| 020 | _a9789945412864 | ||
| 040 |
_aDO-SdBNP _bspa _cBNPHU |
||
| 082 |
_a346.07 _bF363d |
||
| 100 | 1 |
_aFernández Rozas, José Carlos. _971335 |
|
| 245 | 1 | 0 |
_aDerecho del comercio internacional y política comercial de la República Dominicana / _cJosé Carlos Fernández Rozas, Leidylin Contreras. |
| 260 |
_aSanto Domingo : _bFUNGLODE, _c2013. |
||
| 300 |
_a371 p. ; _c24 cm. |
||
| 490 | 1 | _aDerecho | |
| 500 | _aIncluye datos biográficos de los autores en la solapa de la cubierta | ||
| 504 | _aBibliografía : p. 355-371 | ||
| 590 | _aInventariado, 2018/LP | ||
| 650 | 4 |
_aRegulación del comércio exterior _98571 |
|
| 650 | 4 |
_aDerecho comercial _zRepública Dominicana _914449 |
|
| 650 | 0 |
_aLibre comercio _98570 |
|
| 700 | 1 |
_aContreras, Leidylin _971336 |
|
| 710 | 2 | 2 |
_aFundación Global Democracía y Desarrollo _925477 |
| 830 | 0 |
_aDERECHO _911855 |
|
| 910 | _aValidado. Control de calidad MFF | ||
| 999 |
_c43036 _d43036 |
||